00969nam a2200253Ia 4500008004100000020001700041040001400058082002500072100002500097245006200122260004100184300001700225365002600242366000800268505002200276530003000298620008100328630006200409650001500471730006200486942000900548999001900557952013900576100315s9999 xx 000 0 und d a0312120699  cENGLISH  b9038 a332.091726  a"Bascom, Wilbert O " aThe Economics of Financial Reform in Developing Countries aLondon bMacmillan Press  c1994  a"xii,204  " eRupees d1 b0.00  f0  gVaibhav Gaikwad  bDonated By RBI Library   a"Finance-Developing Countries, Financial institutions, RBI Book, Economic " aThe Economics of Financial Reform in Developing Countries aECONOMIC  aThe Economics of Financial Reform in Developing Countries cBOOK c483773d483770 00104070aVPMBRIMSbVPMBRIMSd2009-06-25g0.00l0o332.091726 /BAS  9038 pVPMBRIMS-9038 r2010-03-19 00:00:00w2010-03-19yBOOK